| 000 | 03398nam a2200457 a 4500 | ||
|---|---|---|---|
| 001 | 000025632 | ||
| 005 | 20250707112615.0 | ||
| 008 | 110216s2003 mx a r 000 | spa d | ||
| 020 | _a9703208991 | ||
| 040 |
_aDO-SdBNP _bspa _cBNPHU |
||
| 082 |
_a330 _bP737q |
||
| 100 | 1 |
_aPlutarco _952326 |
|
| 245 | 1 | 0 |
_aQue las "rondas" no son buenas ... : _bla OMC y la Ronda de Doha, ¿proteccionismo vs desarrollo? / _ccoordinación María Cristina Rosas, Giovanni E. Reyes ; prólogo Rubens Ricupero ; Walter Astié-Burgos ... [et al.].; cuidado de la edición Domingo Cabrera Velázquez. |
| 260 |
_aMéxico, D. F. : _bUniversidad Nacional Autónoma de México , _c2003. |
||
| 300 |
_a446 p. : _bil. ; _c23 cm. |
||
| 500 | _aIncluye notas al pie de páginas | ||
| 500 | _aIncluye bibliografía al final de los capítulos | ||
| 505 | 0 |
_tLa Ronda de Doha : alcances y límites / _rMaría Cristina Rosas _tEl nuevo regionalismo y el retorno a lo político / _rBjôrn Hettne _tUnión Europea y OMC : desavenencia trasatlántica, improbable agenda verde y distorsión... del espíritu de Doha / _rAlex De Kerpel _tLa política comercial de Japón frente a los retos de una estrategia de interacción múltiple / _rCarlos Uscanga _tRusia y la Organización Mundial del Comercio / _rAna Teresa Gutiérrez del Cid _tIntegración económica en Asia Oriental y la Ronda de Doha / _rPeter Drysdale y Jane Drake-Brockman _tGlobalización en América Latina y el Caribe : integración económica e inserción en los mercados internacionales / _rGiovanni E. Reyes _tAl ALCA, el nuevo regionalismo y las estrategias de los países latinoamericanos / _rJosé Briceño Ruíz _tCentroamérica : integración, libre comercio y Plan Puebla-Panamá / _rWalter Astié-Burgos _tMéxico-OMC : y después del libre comercio? / _rGeorgina Sánchez _tLa cooperación para el desarrollo y el comercio internacional / _rJuan Pablo Prado Lallande _tComercio y medio ambiente : más allá del viejo debate / _rMario Duarte Villarello _tTrato especial y diferenciado en las relaciones comerciales multilaterales : el esqueleto en el clóset / _rManuela Tórtora _tMigración temporal para el suministro de servicios : retos para la liberalización comercial en el marco del GATS? / _rSebastián Escalante _tLa crisis del acceso a los medicamentos y los acuerdos en materia de propiedad intelectual de la Ronda de Uruguay : los pacientes frente a las ganancias / _rPascale Boulet y Rachel M. Cohen. |
|
| 650 | 0 |
_aEconomia _985383 |
|
| 700 | 1 |
_aRicupero, Rubens, _epról. _952339 |
|
| 700 | 1 |
_aAstié-Burgos , Walter, _944612 |
|
| 700 | 1 |
_aBoulet, Pascale , _952340 |
|
| 700 | 1 |
_aBriceño Ruíz, José , _952341 |
|
| 700 | 1 |
_aCohen, Rachel M. , _952342 |
|
| 700 | 1 |
_aDrake-Brockman, Jane, _952343 |
|
| 700 | 1 |
_aDrysdale, Peter , _952344 |
|
| 700 | 1 |
_aDuarte Villarello, Mario, _950526 |
|
| 700 | 1 |
_aEscalante, Sebastián , _952345 |
|
| 700 | 1 |
_aGutiérrez del Cid, Ana Teresa, _950529 |
|
| 700 | 1 |
_aHettne, Bjôrn , _952346 |
|
| 700 | 1 |
_aKerpel, Alex De, _952347 |
|
| 700 | 1 |
_aPrado Lallande, Juan Pablo , _952348 |
|
| 700 | 1 |
_aE. Reyes, Giovanni , _952349 |
|
| 700 | 1 |
_aSánchez, Georgina , _944620 |
|
| 700 | 1 |
_aRosas, María Cristina, _926176 |
|
| 700 | 1 |
_aTórtora, Manuela , _952350 |
|
| 700 | 1 |
_aUscanga, Carlos, _950539 |
|
| 700 | 1 |
_aLópez Salvá, Mercedes , _952329 |
|
| 700 | 1 |
_aCabrera Velázquez, Domingo, _eed. _952351 |
|
| 049 | _aBNGR | ||
| 999 |
_c25124 _d25124 |
||